000 00504nam a2200181Ia 4500
003 GCL
008 140319s9999 xx 000 0 ara d
040 _aGCL /
_cGCL
082 0 4 _a814.008
_bا س
100 1 _aانيس منصور
245 1 0 _aالسيدة الاولى /
_cانيس منصور
300 _a290 ص
490 _a
650 0 4 _aالادب العربى
650 0 4 _aالاحوال السياسية
650 0 4 _aالولايات المتحدة الامريكية
942 _2ddc
_cBK
999 _c44860
_d44860